000 00628nam a2200205 i 4500
001 123723
003 ES-MaACL
005 20250716063301.0
007 t|
008 070214s1972 sp |||| | spa d
100 0 _aRamón Llull,
_cBeato,
_dca. 1232-1316?
_995219
245 1 0 _aDoctrina pueril /
_cRamón Llull ; a cura de Gret Schib.
260 _aBarcelona :
_bBarcino,
_c1972.
300 _a260 p. ;
_c21 cm.
490 1 _aEls nostres classics. A ;
_v104
700 1 _aSchib, Gret.
_9104335
830 0 _aEls nostres classics. A ;
_v104
_9218962
852 _aES-MaACL
_jC-49944
999 _c123723
_d123723